Guess The American Brands! #36 - Statistics

General Stats
  • This quiz has been taken 16 times
  • The average score is 12 of 25
Answer Stats
Picture Answer % Correct
Disney Channel
93%
Snapchat
86%
Dicks
79%
Guns N Roses
79%
HBO Max
79%
Better Business Bureau
57%
Felix
57%
Oscars
57%
Vine
57%
Daffy
50%
Grammy
50%
United Health
50%
PDF
43%
Bon Jovi
36%
Budget
36%
Onedrive
36%
Plants Vs Zombies
36%
Surface
36%
Citrix
29%
Google TV
29%
Golden Globes
21%
Inkscape
21%
Krita
21%
American Motors
14%
Emersons
14%
No matching quizzes found
Score Distribution
Percent of People with Each Score
Percentile by Number Answered
Your Score History
You have not taken this quiz